00862 2200313 4500001002100000005001500021035002000036007000300056040001700059100002200076245006500098250001200163300003600175020002200211041000800233090001900241264003800260336002100298337003000319338002300349650001100372850001000383008004100393504002600434700002500460990002100485990002100506990002100527INLIS00000000000890820260513021746 a0010-1022000283ta aSBPUPADbind0 aDavis;ePengarang1 aPiawai Main Gitar Secara Otodidak /cDavis; Editor; Faradika a.-cet.1 a120 hlm. :bilus. ;c15 x 23 cm a978-602-7953-27-7 aind a970 CHA s 25-2 a.--Jakarta :bDunia Cerdas,c2013 2rdacontentateks 2rdamediaatanpa perantara 2rdacarrieravolume 4aMusik/ aPUPAD260513 0  abibiliografi, 114 hlm aFaradika,ePengarang a22.514/KAPD/16/B a22.513/KAPD/16/B a22.515/KAPD/16/B